| 000 | 00328nam a22001217a 4500 | ||
|---|---|---|---|
| 082 | _a382.609549 SBP | ||
| 100 | _aState Bank of Pakistan | ||
| 245 |
_aExport Receipts May 2005 _cState Bank of Pakistan |
||
| 260 |
_aKarachi _bState Bank of Pakistan Statistics Deptt _c2005 |
||
| 300 | _a374p | ||
| 563 | _aP.B | ||
| 942 |
_2ddc _cBK |
||
| 999 |
_c588877 _d588877 |
||